|
|
|
|
| LEADER |
00000cam a2200000 i 4500 |
| 001 |
1/106151 |
| 008 |
980804m19911994gr | ||| |||| ||gre|| |
| 035 |
|
|
|l 10070006
|
| 040 |
|
|
|a GR-MyUa
|b gre
|e AACR2
|
| 041 |
0 |
|
|a gre
|
| 082 |
7 |
|
|a 759.06
|2 (22)
|
| 100 |
1 |
|
|a Χρήστου, Χρύσανθος,
|d 1922-2016.
|
| 245 |
1 |
2 |
|a Η ζωγραφική του εικοστού αιώνα /
|c Χρύσανθου Χρήστου.
|
| 246 |
1 |
|
|i Άλλες παραλλαγές του τίτλου:
|a Η ζωγραφική του 20ου αιώνα
|
| 260 |
|
|
|a Θεσσαλονίκη :
|b Βάνιας,
|c 1991-1994.
|
| 300 |
|
|
|a 3 τ. (432 σ., 443 σ., 522 σ.) :
|b εικ. ;
|c 24 εκ.
|
| 504 |
|
|
|a Ο πρώτος τόμος περιέχει ευρετήριο και βιβλιογραφικές αναφορές, ενώ οι άλλοι δύο τόμοι περιέχουν μόνο βιβλιογραφικές αναφορές.
|
| 505 |
8 |
|
|a Τ.1. Φωβισμός - εξπρεσσιονισμός, κυβισμός - ορφισμός, φουτουρισμός - αφαίρεση, νεοπλαστικισμός - ελεμανταρισμός, κονστρουβιστικά ρεύματα -- τ. 2. Ντανταϊσμός - μεταφυσική ζωγραφική, σουρρεαλισμός, ζωγραφική του νέου πραγματισμού και της κοινωνικής κριτικής, ανεξάρτητοι δημιουργοί, Πικασσό - Κλέ, Σαγκάλ - Μοντιλιάνι, Ουτρίλλο, άλλες τάσεις και δημιουργοί του μεσοπολέμου -- τ. 3. Η τέχνη τα μεταπολεμικά χρόνια από το 1945 στο 1980.
|
| 650 |
|
0 |
|a Painting, Modern
|y 20th century
|x History.
|
| 852 |
|
|
|a INST
|b LESVOS
|e 19980804
|h 759.06 ΧΡΗ
|p 005100016528
|q 005100016528
|t BK
|y 0
|z τ.3
|
| 852 |
|
|
|a INST
|b LESVOS
|e 20060307
|h 759.06 ΧΡΗ
|p 005100034701
|q 005100034701
|t BK
|y 0
|z τ.1
|
| 852 |
|
|
|a INST
|b LESVOS
|e 20060307
|h 759.06 ΧΡΗ
|p 005100034702
|q 005100034702
|t BK
|y 0
|z τ.2
|
| 852 |
|
|
|a INST
|b LESVOS
|e 19980804
|h 759.06 ΧΡΗ
|p 005100016528
|q 005100016528
|t BK
|v τ.3:
|y 0
|z τ.3
|
| 852 |
|
|
|a INST
|b LESVOS
|e 20060307
|h 759.06 ΧΡΗ
|p 005100034701
|q 005100034701
|t BK
|v τ.1:
|y 0
|z τ.1
|
| 852 |
|
|
|a INST
|b LESVOS
|e 20060307
|h 759.06 ΧΡΗ
|p 005100034702
|q 005100034702
|t BK
|v τ.2:
|y 0
|z τ.2
|
| 852 |
|
|
|a INST
|b SAMOS
|e 20050519
|h 759.06 ΧΡΗ
|p 005300025189
|q 005300025189
|t BK
|y 0
|z τ.1
|
| 852 |
|
|
|a INST
|b SAMOS
|e 20050519
|h 759.06 ΧΡΗ
|p 005300025190
|q 005300025190
|t BK
|y 0
|z τ.2
|
| 852 |
|
|
|a INST
|b SAMOS
|e 20050519
|h 759.06 ΧΡΗ
|p 005300025191
|q 005300025191
|t BK
|y 0
|z τ.3
|
| 852 |
|
|
|a INST
|b SAMOS
|e 20050519
|h 759.06 ΧΡΗ
|p 005300025189
|q 005300025189
|t BK
|v τ.1:
|y 0
|z τ.1
|
| 852 |
|
|
|a INST
|b SAMOS
|e 20050519
|h 759.06 ΧΡΗ
|p 005300025190
|q 005300025190
|t BK
|v τ.2:
|y 0
|z τ.2
|
| 852 |
|
|
|a INST
|b SAMOS
|e 20050519
|h 759.06 ΧΡΗ
|p 005300025191
|q 005300025191
|t BK
|v τ.3:
|y 0
|z τ.3
|
| 852 |
|
|
|a INST
|b SYROS
|e 20031029
|h 759.06 ΧΡΗ
|p 005500002519
|q 005500002519
|t BK
|y 0
|z τ.1
|
| 852 |
|
|
|a INST
|b SYROS
|e 20031029
|h 759.06 ΧΡΗ
|p 005500002520
|q 005500002520
|t BK
|y 0
|z τ.1
|
| 852 |
|
|
|a INST
|b SYROS
|e 20031029
|h 759.06 ΧΡΗ
|p 005500002521
|q 005500002521
|t BK
|y 0
|z τ.1
|
| 852 |
|
|
|a INST
|b SYROS
|e 20031029
|h 759.06 ΧΡΗ
|p 005500002522
|q 005500002522
|t BK
|y 0
|z τ.1
|
| 852 |
|
|
|a INST
|b SYROS
|e 20031029
|h 759.06 ΧΡΗ
|p 005500002523
|q 005500002523
|t BK
|y 0
|z τ.1
|
| 852 |
|
|
|a INST
|b SYROS
|e 20031029
|h 759.06 ΧΡΗ
|p 005500002524
|q 005500002524
|t BK
|y 0
|z τ.1
|
| 852 |
|
|
|a INST
|b SYROS
|e 20031029
|h 759.06 ΧΡΗ
|p 005500002525
|q 005500002525
|t BK
|y 0
|z τ.1
|
| 852 |
|
|
|a INST
|b SYROS
|e 20031029
|h 759.06 ΧΡΗ
|p 005500002526
|q 005500002526
|t BK
|y 0
|z τ.1
|
| 852 |
|
|
|a INST
|b SYROS
|e 20031029
|h 759.06 ΧΡΗ
|p 005500002527
|q 005500002527
|t BK
|y 0
|z τ.1
|
| 852 |
|
|
|a INST
|b SYROS
|e 20031029
|h 759.06 ΧΡΗ
|p 005500002528
|q 005500002528
|t BK
|y 0
|z τ.1
|
| 852 |
|
|
|a INST
|b SYROS
|e 20031029
|h 759.06 ΧΡΗ
|p 005500002529
|q 005500002529
|t BK
|y 0
|z τ.1
|
| 852 |
|
|
|a INST
|b SYROS
|e 20031029
|h 759.06 ΧΡΗ
|p 005500002530
|q 005500002530
|t BK
|y 0
|z τ.1
|
| 852 |
|
|
|a INST
|b SYROS
|e 20031029
|h 759.06 ΧΡΗ
|p 005500002531
|q 005500002531
|t BK
|y 0
|z τ.1
|
| 852 |
|
|
|a INST
|b SYROS
|e 20031029
|h 759.06 ΧΡΗ
|p 005500002532
|q 005500002532
|t BK
|y 0
|z τ.1
|
| 852 |
|
|
|a INST
|b SYROS
|e 20031029
|h 759.06 ΧΡΗ
|p 005500002533
|q 005500002533
|t BK
|y 0
|z τ.1
|
| 852 |
|
|
|a INST
|b SYROS
|e 20031029
|h 759.06 ΧΡΗ
|p 005500002534
|q 005500002534
|t BK
|y 0
|z τ.1
|
| 852 |
|
|
|a INST
|b SYROS
|e 20031029
|h 759.06 ΧΡΗ
|p 005500002535
|q 005500002535
|t BK
|y 0
|z τ.1
|
| 852 |
|
|
|a INST
|b SYROS
|e 20031031
|h 759.06 ΧΡΗ
|p 005500002536
|q 005500002536
|t BK
|y 0
|z τ.3
|
| 852 |
|
|
|a INST
|b SYROS
|e 20031031
|h 759.06 ΧΡΗ
|p 005500002537
|q 005500002537
|t BK
|y 0
|z τ.3
|
| 852 |
|
|
|a INST
|b SYROS
|e 20031031
|h 759.06 ΧΡΗ
|p 005500002538
|q 005500002538
|t BK
|y 0
|z τ.3
|
| 852 |
|
|
|a INST
|b SYROS
|e 20031031
|h 759.06 ΧΡΗ
|p 005500002539
|q 005500002539
|t BK
|y 0
|z τ.3
|
| 852 |
|
|
|a INST
|b SYROS
|e 20031031
|h 759.06 ΧΡΗ
|p 005500002540
|q 005500002540
|t BK
|y 0
|z τ.3
|
| 852 |
|
|
|a INST
|b SYROS
|e 20031105
|h 759.06 ΧΡΗ
|p 005500002541
|q 005500002541
|t BK
|y 0
|z τ.3
|
| 852 |
|
|
|a INST
|b SYROS
|e 20031031
|h 759.06 ΧΡΗ
|p 005500002542
|q 005500002542
|t BK
|y 0
|z τ.3
|
| 852 |
|
|
|a INST
|b SYROS
|e 20031031
|h 759.06 ΧΡΗ
|p 005500002543
|q 005500002543
|t BK
|y 0
|z τ.3
|
| 852 |
|
|
|a INST
|b SYROS
|e 20031029
|h 759.06 ΧΡΗ
|p 005500002544
|q 005500002544
|t BK
|y 0
|z τ.1
|
| 852 |
|
|
|a INST
|b SYROS
|e 20031031
|h 759.06 ΧΡΗ
|p 005500002545
|q 005500002545
|t BK
|y 0
|z τ.3
|
| 852 |
|
|
|a INST
|b SYROS
|e 20031031
|h 759.06 ΧΡΗ
|p 005500002546
|q 005500002546
|t BK
|y 0
|z τ.3
|
| 852 |
|
|
|a INST
|b SYROS
|e 20031031
|h 759.06 ΧΡΗ
|p 005500002547
|q 005500002547
|t BK
|y 0
|z τ.3
|
| 852 |
|
|
|a INST
|b SYROS
|e 20031031
|h 759.06 ΧΡΗ
|p 005500002548
|q 005500002548
|t BK
|y 0
|z τ.3
|
| 852 |
|
|
|a INST
|b SYROS
|e 20031031
|h 759.06 ΧΡΗ
|p 005500002549
|q 005500002549
|t BK
|y 0
|z τ.3
|
| 852 |
|
|
|a INST
|b SYROS
|e 20031031
|h 759.06 ΧΡΗ
|p 005500002550
|q 005500002550
|t BK
|y 0
|z τ.3
|
| 852 |
|
|
|a INST
|b SYROS
|e 20031031
|h 759.06 ΧΡΗ
|p 005500002551
|q 005500002551
|t BK
|y 0
|z τ.3
|
| 852 |
|
|
|a INST
|b SYROS
|e 20031031
|h 759.06 ΧΡΗ
|p 005500002552
|q 005500002552
|t BK
|y 0
|z τ.3
|
| 852 |
|
|
|a INST
|b SYROS
|e 20031031
|h 759.06 ΧΡΗ
|p 005500002553
|q 005500002553
|t BK
|y 0
|z τ.3
|
| 852 |
|
|
|a INST
|b SYROS
|e 20031031
|h 759.06 ΧΡΗ
|p 005500002554
|q 005500002554
|t BK
|y 0
|z τ.3
|
| 852 |
|
|
|a INST
|b SYROS
|e 20031029
|h 759.06 ΧΡΗ
|p 005500002570
|q 005500002570
|t BK
|y 0
|z τ.2
|
| 852 |
|
|
|a INST
|b SYROS
|e 20031029
|h 759.06 ΧΡΗ
|p 005500002571
|q 005500002571
|t BK
|y 0
|z τ.2
|
| 852 |
|
|
|a INST
|b SYROS
|e 20031029
|h 759.06 ΧΡΗ
|p 005500002572
|q 005500002572
|t BK
|y 0
|z τ.2
|
| 852 |
|
|
|a INST
|b SYROS
|e 20031029
|h 759.06 ΧΡΗ
|p 005500002573
|q 005500002573
|t BK
|y 0
|z τ.2
|
| 852 |
|
|
|a INST
|b SYROS
|e 20031031
|h 759.06 ΧΡΗ
|p 005500002574
|q 005500002574
|t BK
|y 0
|z τ.2
|
| 852 |
|
|
|a INST
|b SYROS
|e 20031031
|h 759.06 ΧΡΗ
|p 005500002575
|q 005500002575
|t BK
|y 0
|z τ.2
|
| 852 |
|
|
|a INST
|b SYROS
|e 20031029
|h 759.06 ΧΡΗ
|p 005500002576
|q 005500002576
|t BK
|y 0
|z τ.2
|
| 852 |
|
|
|a INST
|b SYROS
|e 20031029
|h 759.06 ΧΡΗ
|p 005500002578
|q 005500002578
|t BK
|y 0
|z τ.2
|
| 852 |
|
|
|a INST
|b SYROS
|e 20031029
|h 759.06 ΧΡΗ
|p 005500002579
|q 005500002579
|t BK
|y 0
|z τ.2
|
| 852 |
|
|
|a INST
|b SYROS
|e 20031031
|h 759.06 ΧΡΗ
|p 005500002580
|q 005500002580
|t BK
|y 0
|z τ.2
|
| 852 |
|
|
|a INST
|b SYROS
|e 20031031
|h 759.06 ΧΡΗ
|p 005500002581
|q 005500002581
|t BK
|y 0
|z τ.2
|
| 852 |
|
|
|a INST
|b SYROS
|e 20031031
|h 759.06 ΧΡΗ
|p 005500002582
|q 005500002582
|t BK
|y 0
|z τ.2
|
| 852 |
|
|
|a INST
|b SYROS
|e 20031029
|h 759.06 ΧΡΗ
|p 005500002584
|q 005500002584
|t BK
|y 0
|z τ.2
|
| 852 |
|
|
|a INST
|b SYROS
|e 20031029
|h 759.06 ΧΡΗ
|p 005500002585
|q 005500002585
|t BK
|y 0
|z τ.2
|
| 852 |
|
|
|a INST
|b SYROS
|e 20031029
|h 759.06 ΧΡΗ
|p 005500002586
|q 005500002586
|t BK
|y 0
|z τ.2
|
| 852 |
|
|
|a INST
|b SYROS
|e 20031031
|h 759.06 ΧΡΗ
|p 005500002587
|q 005500002587
|t BK
|y 0
|z τ.2
|
| 852 |
|
|
|a INST
|b SYROS
|e 20031031
|h 759.06 ΧΡΗ
|p 005500002588
|q 005500002588
|t BK
|y 0
|z τ.2
|
| 852 |
|
|
|a INST
|b SYROS
|e 20030526
|h 759.06 ΧΡΗ
|p 005500003369
|q 005500003369
|t BK
|y 0
|z τ.3
|
| 852 |
|
|
|a INST
|b SYROS
|e 20030526
|h 759.06 ΧΡΗ
|p 005500003370
|q 005500003370
|t BK
|y 0
|z τ.3
|
| 852 |
|
|
|a INST
|b SYROS
|e 20030526
|h 759.06 ΧΡΗ
|p 005500003371
|q 005500003371
|t BK
|y 0
|z τ.3
|
| 852 |
|
|
|a INST
|b SYROS
|e 20030526
|h 759.06 ΧΡΗ
|p 005500003372
|q 005500003372
|t BK
|y 0
|z τ.3
|
| 852 |
|
|
|a INST
|b SYROS
|e 20030526
|h 759.06 ΧΡΗ
|p 005500003373
|q 005500003373
|t BK
|y 0
|z τ.3
|
| 852 |
|
|
|a INST
|b SYROS
|e 20030526
|h 759.06 ΧΡΗ
|p 005500003374
|q 005500003374
|t BK
|y 0
|z τ.2
|
| 852 |
|
|
|a INST
|b SYROS
|e 20030526
|h 759.06 ΧΡΗ
|p 005500003375
|q 005500003375
|t BK
|y 0
|z τ.2
|
| 852 |
|
|
|a INST
|b SYROS
|e 20030526
|h 759.06 ΧΡΗ
|p 005500003376
|q 005500003376
|t BK
|y 0
|z τ.2
|
| 852 |
|
|
|a INST
|b SYROS
|e 20030526
|h 759.06 ΧΡΗ
|p 005500003377
|q 005500003377
|t BK
|y 0
|z τ.2
|
| 852 |
|
|
|a INST
|b SYROS
|e 20030526
|h 759.06 ΧΡΗ
|p 005500003378
|q 005500003378
|t BK
|y 0
|z τ.2
|
| 852 |
|
|
|a INST
|b SYROS
|e 20030526
|h 759.06 ΧΡΗ
|p 005500003379
|q 005500003379
|t BK
|y 0
|z τ.1
|
| 852 |
|
|
|a INST
|b SYROS
|e 20030526
|h 759.06 ΧΡΗ
|p 005500003380
|q 005500003380
|t BK
|y 0
|z τ.1
|
| 852 |
|
|
|a INST
|b SYROS
|e 20030526
|h 759.06 ΧΡΗ
|p 005500003381
|q 005500003381
|t BK
|y 0
|z τ.1
|
| 852 |
|
|
|a INST
|b SYROS
|e 20030526
|h 759.06 ΧΡΗ
|p 005500003382
|q 005500003382
|t BK
|y 0
|z τ.1
|
| 852 |
|
|
|a INST
|b SYROS
|e 20030526
|h 759.06 ΧΡΗ
|p 005500003383
|q 005500003383
|t BK
|y 0
|z τ.1
|
| 852 |
|
|
|a INST
|b SYROS
|e 20041126
|h 759.06 ΧΡΗ
|p 005500003819
|q 005500003819
|t BK
|y 0
|z τ.2
|
| 852 |
|
|
|a INST
|b SYROS
|e 20041126
|h 759.06 ΧΡΗ
|p 005500003820
|q 005500003820
|t BK
|y 0
|z τ.2
|
| 852 |
|
|
|a INST
|b SYROS
|e 20041126
|h 759.06 ΧΡΗ
|p 005500003821
|q 005500003821
|t BK
|y 0
|z τ.2
|
| 852 |
|
|
|a INST
|b SYROS
|e 20041126
|h 759.06 ΧΡΗ
|p 005500003822
|q 005500003822
|t BK
|y 0
|z τ.2
|
| 852 |
|
|
|a INST
|b SYROS
|e 20041126
|h 759.06 ΧΡΗ
|p 005500003823
|q 005500003823
|t BK
|y 0
|z τ.2
|
| 852 |
|
|
|a INST
|b SYROS
|e 20041126
|h 759.06 ΧΡΗ
|p 005500003824
|q 005500003824
|t BK
|y 0
|z τ.2
|
| 852 |
|
|
|a INST
|b SYROS
|e 20041126
|h 759.06 ΧΡΗ
|p 005500003825
|q 005500003825
|t BK
|y 0
|z τ.2
|
| 852 |
|
|
|a INST
|b SYROS
|e 20041126
|h 759.06 ΧΡΗ
|p 005500003826
|q 005500003826
|t BK
|y 0
|z τ.2
|
| 852 |
|
|
|a INST
|b SYROS
|e 20041126
|h 759.06 ΧΡΗ
|p 005500003827
|q 005500003827
|t BK
|y 0
|z τ.1
|
| 852 |
|
|
|a INST
|b SYROS
|e 20041126
|h 759.06 ΧΡΗ
|p 005500003828
|q 005500003828
|t BK
|y 0
|z τ.1
|
| 852 |
|
|
|a INST
|b SYROS
|e 20041126
|h 759.06 ΧΡΗ
|p 005500003829
|q 005500003829
|t BK
|y 0
|z τ.1
|
| 852 |
|
|
|a INST
|b SYROS
|e 20041126
|h 759.06 ΧΡΗ
|p 005500003830
|q 005500003830
|t BK
|y 0
|z τ.1
|
| 852 |
|
|
|a INST
|b SYROS
|e 20041126
|h 759.06 ΧΡΗ
|p 005500003831
|q 005500003831
|t BK
|y 0
|z τ.1
|
| 852 |
|
|
|a INST
|b SYROS
|e 20041126
|h 759.06 ΧΡΗ
|p 005500003832
|q 005500003832
|t BK
|y 0
|z τ.1
|
| 852 |
|
|
|a INST
|b SYROS
|e 20041126
|h 759.06 ΧΡΗ
|p 005500003833
|q 005500003833
|t BK
|y 0
|z τ.1
|
| 852 |
|
|
|a INST
|b SYROS
|e 20041126
|h 759.06 ΧΡΗ
|p 005500003834
|q 005500003834
|t BK
|y 0
|z τ.1
|
| 852 |
|
|
|a INST
|b SYROS
|e 20031031
|h 759.06 ΧΡΗ
|p 005500004040
|q 005500004040
|t BK
|y 0
|z τ.3
|
| 852 |
|
|
|a INST
|b SYROS
|e 20031031
|h 759.06 ΧΡΗ
|p 005500004041
|q 005500004041
|t BK
|y 0
|z τ.2
|
| 852 |
|
|
|a INST
|b SYROS
|e 20031029
|h 759.06 ΧΡΗ
|p 005500004042
|q 005500004042
|t BK
|y 0
|z τ.1
|
| 852 |
|
|
|a INST
|b SYROS
|e 20031031
|h 759.06 ΧΡΗ
|p 005500004357
|q 005500004357
|t BK
|y 0
|z τ.3
|
| 852 |
|
|
|a INST
|b SYROS
|e 20031029
|h 759.06 ΧΡΗ
|p 005500004358
|q 005500004358
|t BK
|y 0
|z τ.2
|
| 852 |
|
|
|a INST
|b SYROS
|e 20031029
|h 759.06 ΧΡΗ
|p 005500004359
|q 005500004359
|t BK
|y 0
|z τ.1
|
| 852 |
|
|
|a INST
|b SYROS
|e 20031029
|h 759.06 ΧΡΗ
|p 005500004381
|q 005500004381
|t BK
|y 0
|z τ.1
|
| 852 |
|
|
|a INST
|b SYROS
|e 20031031
|h 759.06 ΧΡΗ
|p 005500004382
|q 005500004382
|t BK
|y 0
|z τ.3
|
| 852 |
|
|
|a INST
|b SYROS
|e 20031029
|h 759.06 ΧΡΗ
|p 005500004384
|q 005500004384
|t BK
|y 0
|z τ.2
|
| 852 |
|
|
|a INST
|b SYROS
|e 20031029
|h 759.06 ΧΡΗ
|p 005500004403
|q 005500004403
|t BK
|y 0
|z τ.2
|
| 852 |
|
|
|a INST
|b SYROS
|e 20031029
|h 759.06 ΧΡΗ
|p 005500004404
|q 005500004404
|t BK
|y 0
|z τ.1
|
| 852 |
|
|
|a INST
|b SYROS
|e 20031031
|h 759.06 ΧΡΗ
|p 005500004413
|q 005500004413
|t BK
|y 0
|z τ.2
|
| 852 |
|
|
|a INST
|b SYROS
|e 20031031
|h 759.06 ΧΡΗ
|p 005500004460
|q 005500004460
|t BK
|y 0
|z τ.3
|
| 852 |
|
|
|a INST
|b SYROS
|e 20031029
|h 759.06 ΧΡΗ
|p 005500002519
|q 005500002519
|t BK
|v τ.1:
|y 0
|z τ.1
|
| 852 |
|
|
|a INST
|b SYROS
|e 20031029
|h 759.06 ΧΡΗ
|p 005500002520
|q 005500002520
|t BK
|v τ.1:
|y 0
|z τ.1
|
| 852 |
|
|
|a INST
|b SYROS
|e 20031029
|h 759.06 ΧΡΗ
|p 005500002521
|q 005500002521
|t BK
|v τ.1:
|y 0
|z τ.1
|
| 852 |
|
|
|a INST
|b SYROS
|e 20031029
|h 759.06 ΧΡΗ
|p 005500002522
|q 005500002522
|t BK
|v τ.1:
|y 0
|z τ.1
|
| 852 |
|
|
|a INST
|b SYROS
|e 20031029
|h 759.06 ΧΡΗ
|p 005500002523
|q 005500002523
|t BK
|v τ.1:
|y 0
|z τ.1
|
| 852 |
|
|
|a INST
|b SYROS
|e 20031029
|h 759.06 ΧΡΗ
|p 005500002524
|q 005500002524
|t BK
|v τ.1:
|y 0
|z τ.1
|
| 852 |
|
|
|a INST
|b SYROS
|e 20031029
|h 759.06 ΧΡΗ
|p 005500002525
|q 005500002525
|t BK
|v τ.1:
|y 0
|z τ.1
|
| 852 |
|
|
|a INST
|b SYROS
|e 20031029
|h 759.06 ΧΡΗ
|p 005500002526
|q 005500002526
|t BK
|v τ.1:
|y 0
|z τ.1
|
| 852 |
|
|
|a INST
|b SYROS
|e 20031029
|h 759.06 ΧΡΗ
|p 005500002527
|q 005500002527
|t BK
|v τ.1:
|y 0
|z τ.1
|
| 852 |
|
|
|a INST
|b SYROS
|e 20031029
|h 759.06 ΧΡΗ
|p 005500002528
|q 005500002528
|t BK
|v τ.1:
|y 0
|z τ.1
|
| 852 |
|
|
|a INST
|b SYROS
|e 20031029
|h 759.06 ΧΡΗ
|p 005500002529
|q 005500002529
|t BK
|v τ.1:
|y 0
|z τ.1
|
| 852 |
|
|
|a INST
|b SYROS
|e 20031029
|h 759.06 ΧΡΗ
|p 005500002530
|q 005500002530
|t BK
|v τ.1:
|y 0
|z τ.1
|
| 852 |
|
|
|a INST
|b SYROS
|e 20031029
|h 759.06 ΧΡΗ
|p 005500002531
|q 005500002531
|t BK
|v τ.1:
|y 0
|z τ.1
|
| 852 |
|
|
|a INST
|b SYROS
|e 20031029
|h 759.06 ΧΡΗ
|p 005500002532
|q 005500002532
|t BK
|v τ.1:
|y 0
|z τ.1
|
| 852 |
|
|
|a INST
|b SYROS
|e 20031029
|h 759.06 ΧΡΗ
|p 005500002533
|q 005500002533
|t BK
|v τ.1:
|y 0
|z τ.1
|
| 852 |
|
|
|a INST
|b SYROS
|e 20031029
|h 759.06 ΧΡΗ
|p 005500002534
|q 005500002534
|t BK
|v τ.1:
|y 0
|z τ.1
|
| 852 |
|
|
|a INST
|b SYROS
|e 20031029
|h 759.06 ΧΡΗ
|p 005500002535
|q 005500002535
|t BK
|v τ.1:
|y 0
|z τ.1
|
| 852 |
|
|
|a INST
|b SYROS
|e 20031031
|h 759.06 ΧΡΗ
|p 005500002536
|q 005500002536
|t BK
|v τ.3:
|y 0
|z τ.3
|
| 852 |
|
|
|a INST
|b SYROS
|e 20031031
|h 759.06 ΧΡΗ
|p 005500002537
|q 005500002537
|t BK
|v τ.3:
|y 0
|z τ.3
|
| 852 |
|
|
|a INST
|b SYROS
|e 20031031
|h 759.06 ΧΡΗ
|p 005500002538
|q 005500002538
|t BK
|v τ.3:
|y 0
|z τ.3
|
| 852 |
|
|
|a INST
|b SYROS
|e 20031031
|h 759.06 ΧΡΗ
|p 005500002539
|q 005500002539
|t BK
|v τ.3:
|y 0
|z τ.3
|
| 852 |
|
|
|a INST
|b SYROS
|e 20031031
|h 759.06 ΧΡΗ
|p 005500002540
|q 005500002540
|t BK
|v τ.3:
|y 0
|z τ.3
|
| 852 |
|
|
|a INST
|b SYROS
|e 20031105
|h 759.06 ΧΡΗ
|p 005500002541
|q 005500002541
|t BK
|v τ.3:
|y 0
|z τ.3
|
| 852 |
|
|
|a INST
|b SYROS
|e 20031031
|h 759.06 ΧΡΗ
|p 005500002542
|q 005500002542
|t BK
|v τ.3:
|y 0
|z τ.3
|
| 852 |
|
|
|a INST
|b SYROS
|e 20031031
|h 759.06 ΧΡΗ
|p 005500002543
|q 005500002543
|t BK
|v τ.3:
|y 0
|z τ.3
|
| 852 |
|
|
|a INST
|b SYROS
|e 20031029
|h 759.06 ΧΡΗ
|p 005500002544
|q 005500002544
|t BK
|v τ.1:
|y 0
|z τ.1
|
| 852 |
|
|
|a INST
|b SYROS
|e 20031031
|h 759.06 ΧΡΗ
|p 005500002545
|q 005500002545
|t BK
|v τ.3:
|y 0
|z τ.3
|
| 852 |
|
|
|a INST
|b SYROS
|e 20031031
|h 759.06 ΧΡΗ
|p 005500002546
|q 005500002546
|t BK
|v τ.3:
|y 0
|z τ.3
|
| 852 |
|
|
|a INST
|b SYROS
|e 20031031
|h 759.06 ΧΡΗ
|p 005500002547
|q 005500002547
|t BK
|v τ.3:
|y 0
|z τ.3
|
| 852 |
|
|
|a INST
|b SYROS
|e 20031031
|h 759.06 ΧΡΗ
|p 005500002548
|q 005500002548
|t BK
|v τ.3:
|y 0
|z τ.3
|
| 852 |
|
|
|a INST
|b SYROS
|e 20031031
|h 759.06 ΧΡΗ
|p 005500002549
|q 005500002549
|t BK
|v τ.3:
|y 0
|z τ.3
|
| 852 |
|
|
|a INST
|b SYROS
|e 20031031
|h 759.06 ΧΡΗ
|p 005500002550
|q 005500002550
|t BK
|v τ.3:
|y 0
|z τ.3
|
| 852 |
|
|
|a INST
|b SYROS
|e 20031031
|h 759.06 ΧΡΗ
|p 005500002551
|q 005500002551
|t BK
|v τ.3:
|y 0
|z τ.3
|
| 852 |
|
|
|a INST
|b SYROS
|e 20031031
|h 759.06 ΧΡΗ
|p 005500002552
|q 005500002552
|t BK
|v τ.3:
|y 0
|z τ.3
|
| 852 |
|
|
|a INST
|b SYROS
|e 20031031
|h 759.06 ΧΡΗ
|p 005500002553
|q 005500002553
|t BK
|v τ.3:
|y 0
|z τ.3
|
| 852 |
|
|
|a INST
|b SYROS
|e 20031031
|h 759.06 ΧΡΗ
|p 005500002554
|q 005500002554
|t BK
|v τ.3:
|y 0
|z τ.3
|
| 852 |
|
|
|a INST
|b SYROS
|e 20031029
|h 759.06 ΧΡΗ
|p 005500002570
|q 005500002570
|t BK
|v τ.2:
|y 0
|z τ.2
|
| 852 |
|
|
|a INST
|b SYROS
|e 20031029
|h 759.06 ΧΡΗ
|p 005500002571
|q 005500002571
|t BK
|v τ.2:
|y 0
|z τ.2
|
| 852 |
|
|
|a INST
|b SYROS
|e 20031029
|h 759.06 ΧΡΗ
|p 005500002572
|q 005500002572
|t BK
|v τ.2:
|y 0
|z τ.2
|
| 852 |
|
|
|a INST
|b SYROS
|e 20031029
|h 759.06 ΧΡΗ
|p 005500002573
|q 005500002573
|t BK
|v τ.2:
|y 0
|z τ.2
|
| 852 |
|
|
|a INST
|b SYROS
|e 20031031
|h 759.06 ΧΡΗ
|p 005500002574
|q 005500002574
|t BK
|v τ.2:
|y 0
|z τ.2
|
| 852 |
|
|
|a INST
|b SYROS
|e 20031031
|h 759.06 ΧΡΗ
|p 005500002575
|q 005500002575
|t BK
|v τ.2:
|y 0
|z τ.2
|
| 852 |
|
|
|a INST
|b SYROS
|e 20031029
|h 759.06 ΧΡΗ
|p 005500002576
|q 005500002576
|t BK
|v τ.2:
|y 0
|z τ.2
|
| 852 |
|
|
|a INST
|b SYROS
|e 20031029
|h 759.06 ΧΡΗ
|p 005500002578
|q 005500002578
|t BK
|v τ.2:
|y 0
|z τ.2
|
| 852 |
|
|
|a INST
|b SYROS
|e 20031029
|h 759.06 ΧΡΗ
|p 005500002579
|q 005500002579
|t BK
|v τ.2:
|y 0
|z τ.2
|
| 852 |
|
|
|a INST
|b SYROS
|e 20031031
|h 759.06 ΧΡΗ
|p 005500002580
|q 005500002580
|t BK
|v τ.2:
|y 0
|z τ.2
|
| 852 |
|
|
|a INST
|b SYROS
|e 20031031
|h 759.06 ΧΡΗ
|p 005500002581
|q 005500002581
|t BK
|v τ.2:
|y 0
|z τ.2
|
| 852 |
|
|
|a INST
|b SYROS
|e 20031031
|h 759.06 ΧΡΗ
|p 005500002582
|q 005500002582
|t BK
|v τ.2:
|y 0
|z τ.2
|
| 852 |
|
|
|a INST
|b SYROS
|e 20031029
|h 759.06 ΧΡΗ
|p 005500002584
|q 005500002584
|t BK
|v τ.2:
|y 0
|z τ.2
|
| 852 |
|
|
|a INST
|b SYROS
|e 20031029
|h 759.06 ΧΡΗ
|p 005500002585
|q 005500002585
|t BK
|v τ.2:
|y 0
|z τ.2
|
| 852 |
|
|
|a INST
|b SYROS
|e 20031029
|h 759.06 ΧΡΗ
|p 005500002586
|q 005500002586
|t BK
|v τ.2:
|y 0
|z τ.2
|
| 852 |
|
|
|a INST
|b SYROS
|e 20031031
|h 759.06 ΧΡΗ
|p 005500002587
|q 005500002587
|t BK
|v τ.2:
|y 0
|z τ.2
|
| 852 |
|
|
|a INST
|b SYROS
|e 20031031
|h 759.06 ΧΡΗ
|p 005500002588
|q 005500002588
|t BK
|v τ.2:
|y 0
|z τ.2
|
| 852 |
|
|
|a INST
|b SYROS
|e 20030526
|h 759.06 ΧΡΗ
|p 005500003369
|q 005500003369
|t BK
|v τ.3:
|y 0
|z τ.3
|
| 852 |
|
|
|a INST
|b SYROS
|e 20030526
|h 759.06 ΧΡΗ
|p 005500003370
|q 005500003370
|t BK
|v τ.3:
|y 0
|z τ.3
|
| 852 |
|
|
|a INST
|b SYROS
|e 20030526
|h 759.06 ΧΡΗ
|p 005500003371
|q 005500003371
|t BK
|v τ.3:
|y 0
|z τ.3
|
| 852 |
|
|
|a INST
|b SYROS
|e 20030526
|h 759.06 ΧΡΗ
|p 005500003372
|q 005500003372
|t BK
|v τ.3:
|y 0
|z τ.3
|
| 852 |
|
|
|a INST
|b SYROS
|e 20030526
|h 759.06 ΧΡΗ
|p 005500003373
|q 005500003373
|t BK
|v τ.3:
|y 0
|z τ.3
|
| 852 |
|
|
|a INST
|b SYROS
|e 20030526
|h 759.06 ΧΡΗ
|p 005500003374
|q 005500003374
|t BK
|v τ.2:
|y 0
|z τ.2
|
| 852 |
|
|
|a INST
|b SYROS
|e 20030526
|h 759.06 ΧΡΗ
|p 005500003375
|q 005500003375
|t BK
|v τ.2:
|y 0
|z τ.2
|
| 852 |
|
|
|a INST
|b SYROS
|e 20030526
|h 759.06 ΧΡΗ
|p 005500003376
|q 005500003376
|t BK
|v τ.2:
|y 0
|z τ.2
|
| 852 |
|
|
|a INST
|b SYROS
|e 20030526
|h 759.06 ΧΡΗ
|p 005500003377
|q 005500003377
|t BK
|v τ.2:
|y 0
|z τ.2
|
| 852 |
|
|
|a INST
|b SYROS
|e 20030526
|h 759.06 ΧΡΗ
|p 005500003378
|q 005500003378
|t BK
|v τ.2:
|y 0
|z τ.2
|
| 852 |
|
|
|a INST
|b SYROS
|e 20030526
|h 759.06 ΧΡΗ
|p 005500003379
|q 005500003379
|t BK
|v τ.1:
|y 0
|z τ.1
|
| 852 |
|
|
|a INST
|b SYROS
|e 20030526
|h 759.06 ΧΡΗ
|p 005500003380
|q 005500003380
|t BK
|v τ.1:
|y 0
|z τ.1
|
| 852 |
|
|
|a INST
|b SYROS
|e 20030526
|h 759.06 ΧΡΗ
|p 005500003381
|q 005500003381
|t BK
|v τ.1:
|y 0
|z τ.1
|
| 852 |
|
|
|a INST
|b SYROS
|e 20030526
|h 759.06 ΧΡΗ
|p 005500003382
|q 005500003382
|t BK
|v τ.1:
|y 0
|z τ.1
|
| 852 |
|
|
|a INST
|b SYROS
|e 20030526
|h 759.06 ΧΡΗ
|p 005500003383
|q 005500003383
|t BK
|v τ.1:
|y 0
|z τ.1
|
| 852 |
|
|
|a INST
|b SYROS
|e 20041126
|h 759.06 ΧΡΗ
|p 005500003819
|q 005500003819
|t BK
|v τ.2:
|y 0
|z τ.2
|
| 852 |
|
|
|a INST
|b SYROS
|e 20041126
|h 759.06 ΧΡΗ
|p 005500003820
|q 005500003820
|t BK
|v τ.2:
|y 0
|z τ.2
|
| 852 |
|
|
|a INST
|b SYROS
|e 20041126
|h 759.06 ΧΡΗ
|p 005500003821
|q 005500003821
|t BK
|v τ.2:
|y 0
|z τ.2
|
| 852 |
|
|
|a INST
|b SYROS
|e 20041126
|h 759.06 ΧΡΗ
|p 005500003822
|q 005500003822
|t BK
|v τ.2:
|y 0
|z τ.2
|
| 852 |
|
|
|a INST
|b SYROS
|e 20041126
|h 759.06 ΧΡΗ
|p 005500003823
|q 005500003823
|t BK
|v τ.2:
|y 0
|z τ.2
|
| 852 |
|
|
|a INST
|b SYROS
|e 20041126
|h 759.06 ΧΡΗ
|p 005500003824
|q 005500003824
|t BK
|v τ.2:
|y 0
|z τ.2
|
| 852 |
|
|
|a INST
|b SYROS
|e 20041126
|h 759.06 ΧΡΗ
|p 005500003825
|q 005500003825
|t BK
|v τ.2:
|y 0
|z τ.2
|
| 852 |
|
|
|a INST
|b SYROS
|e 20041126
|h 759.06 ΧΡΗ
|p 005500003826
|q 005500003826
|t BK
|v τ.2:
|y 0
|z τ.2
|
| 852 |
|
|
|a INST
|b SYROS
|e 20041126
|h 759.06 ΧΡΗ
|p 005500003827
|q 005500003827
|t BK
|v τ.1:
|y 0
|z τ.1
|
| 852 |
|
|
|a INST
|b SYROS
|e 20041126
|h 759.06 ΧΡΗ
|p 005500003828
|q 005500003828
|t BK
|v τ.1:
|y 0
|z τ.1
|
| 852 |
|
|
|a INST
|b SYROS
|e 20041126
|h 759.06 ΧΡΗ
|p 005500003829
|q 005500003829
|t BK
|v τ.1:
|y 0
|z τ.1
|
| 852 |
|
|
|a INST
|b SYROS
|e 20041126
|h 759.06 ΧΡΗ
|p 005500003830
|q 005500003830
|t BK
|v τ.1:
|y 0
|z τ.1
|
| 852 |
|
|
|a INST
|b SYROS
|e 20041126
|h 759.06 ΧΡΗ
|p 005500003831
|q 005500003831
|t BK
|v τ.1:
|y 0
|z τ.1
|
| 852 |
|
|
|a INST
|b SYROS
|e 20041126
|h 759.06 ΧΡΗ
|p 005500003832
|q 005500003832
|t BK
|v τ.1:
|y 0
|z τ.1
|
| 852 |
|
|
|a INST
|b SYROS
|e 20041126
|h 759.06 ΧΡΗ
|p 005500003833
|q 005500003833
|t BK
|v τ.1:
|y 0
|z τ.1
|
| 852 |
|
|
|a INST
|b SYROS
|e 20041126
|h 759.06 ΧΡΗ
|p 005500003834
|q 005500003834
|t BK
|v τ.1:
|y 0
|z τ.1
|
| 852 |
|
|
|a INST
|b SYROS
|e 20031031
|h 759.06 ΧΡΗ
|p 005500004040
|q 005500004040
|t BK
|v τ.3:
|y 0
|z τ.3
|
| 852 |
|
|
|a INST
|b SYROS
|e 20031031
|h 759.06 ΧΡΗ
|p 005500004041
|q 005500004041
|t BK
|v τ.2:
|y 0
|z τ.2
|
| 852 |
|
|
|a INST
|b SYROS
|e 20031029
|h 759.06 ΧΡΗ
|p 005500004042
|q 005500004042
|t BK
|v τ.1:
|y 0
|z τ.1
|
| 852 |
|
|
|a INST
|b SYROS
|e 20031031
|h 759.06 ΧΡΗ
|p 005500004357
|q 005500004357
|t BK
|v τ.3:
|y 0
|z τ.3
|
| 852 |
|
|
|a INST
|b SYROS
|e 20031029
|h 759.06 ΧΡΗ
|p 005500004358
|q 005500004358
|t BK
|v τ.2:
|y 0
|z τ.2
|
| 852 |
|
|
|a INST
|b SYROS
|e 20031029
|h 759.06 ΧΡΗ
|p 005500004359
|q 005500004359
|t BK
|v τ.1:
|y 0
|z τ.1
|
| 852 |
|
|
|a INST
|b SYROS
|e 20031029
|h 759.06 ΧΡΗ
|p 005500004381
|q 005500004381
|t BK
|v τ.1:
|y 0
|z τ.1
|
| 852 |
|
|
|a INST
|b SYROS
|e 20031031
|h 759.06 ΧΡΗ
|p 005500004382
|q 005500004382
|t BK
|v τ.3:
|y 0
|z τ.3
|
| 852 |
|
|
|a INST
|b SYROS
|e 20031029
|h 759.06 ΧΡΗ
|p 005500004384
|q 005500004384
|t BK
|v τ.2:
|y 0
|z τ.2
|
| 852 |
|
|
|a INST
|b SYROS
|e 20031029
|h 759.06 ΧΡΗ
|p 005500004403
|q 005500004403
|t BK
|v τ.2:
|y 0
|z τ.2
|
| 852 |
|
|
|a INST
|b SYROS
|e 20031029
|h 759.06 ΧΡΗ
|p 005500004404
|q 005500004404
|t BK
|v τ.1:
|y 0
|z τ.1
|
| 852 |
|
|
|a INST
|b SYROS
|e 20031031
|h 759.06 ΧΡΗ
|p 005500004413
|q 005500004413
|t BK
|v τ.2:
|y 0
|z τ.2
|
| 852 |
|
|
|a INST
|b SYROS
|e 20031031
|h 759.06 ΧΡΗ
|p 005500004460
|q 005500004460
|t BK
|v τ.3:
|y 0
|z τ.3
|
| 853 |
|
|
|a INST
|b LESVOS
|h 759.06 ΧΡΗ
|
| 853 |
|
|
|a INST
|b SAMOS
|h 759.06 ΧΡΗ
|
| 853 |
|
|
|a INST
|b SYROS
|h 759.06 ΧΡΗ
|
| 901 |
|
|
|a BIBL3-2005-2
|
| 901 |
|
|
|a BIBL5-2003-2
|
| 901 |
|
|
|a BIBL1-2006-1
|
| 922 |
|
|
|a 1ΕΛΗ
|b 199807
|c ΚΠΣ/ΤΚΑ
|d EMVASIS
|
| 950 |
|
|
|a 117-1998-01-28
|
| 970 |
|
|
|a Καγιαβά
|b Ειρήνη
|z 26/05/2003
|